• 首页
  • 本馆介绍
  • 公告通知
  • 最新文献
  • 馆藏检索
  • 电子资源
  • 读者导购
  • 参考咨询
  • 我的图书馆
  • 登录
  • 详细信息显示
  • 放入我的书架
  • 预约/预借图书
  • 作者相关作品
  • 分类相关作品
  • 丛书相关作品
  • 出版社相关作品

书目信息

  • 表格格式
  • 工作单格式
  • 卡片格式
题名:
简明计算机入门
    
 
作者: 马目洋一 著 ;潘福美 译
分册:  
出版信息: 北京   国防工业出版社  1979
页数: 194页
开本: 20cm
丛书名:
单 册:
中图分类: TP32
科图分类:
主题词: 电子计算机--普及读物--一般计算器和计算机 , 计算器
电子资源:
ISBN:
000 00705nam0 2200241 45
001 0179006310
005 20060814102256.26
010    @dCNY0.83
091    @a15034.1836
100    @a19950728d1979 em y0chiy0121 ea
101 1  @achi@cjpn
102    @aCN@b110000
105    @ay z 000yy
200 10 @a简明计算机入门@Ajian ming ji suan ji ru men@f(日)马目洋一等著@F(ri)ma mu yang yi deng zhu@g潘福美译
210    @a北京@c国防工业出版社@d1979
215    @a194页@d20cm
606    @a电子计算机@x普及读物@x一般计算器和计算机
606 0  @a计算器
690    @aTP32@v3
701  0 @a马目洋一@Ama mu yang yi@4著
702  0 @a潘福美@Apan fu mei@4译
801  0 @aCN@bTSSF@c20060814
905    @a10447@dTP32@e6
    
    简明计算机入门/(日)马目洋一等著/潘福美译.-北京:国防工业出版社,1979
    194页;20cm
    
    
    ISBN :CNY0.83
    
●
相关链接 在E读中查询图书 在五车中查询图书 在当当中查询图书 在豆瓣中查询图书


正题名:简明计算机入门     索取号:TP32/6         预约/预借

序号 登录号 条形码 馆藏地/架位号 状态 备注
1 0020974   202309536   密集书库/ [索取号:TP32/6] 在馆    
2 0020975   001636778   密集书库/ [索取号:TP32/6] 在馆    
3 0020976   202309493   密集书库/ [索取号:TP32/6] 在馆    
4 0105471   001636787   密集书库/ [索取号:TP32/6] 在馆    
5 0105472   001636723   密集书库/ [索取号:TP32/6] 在馆    
6 0105473   202309527   密集书库/ [索取号:TP32/6] 在馆    
7 0451582   204515827   密集书库/ [索取号:TP32/6] 在馆    
8 0458050   204580505   密集书库/ [索取号:TP32/6] 在馆    
唐山师范学院图书馆 欢迎您!
大连网信软件有限公司© 版权所有